000 00664nam a2200181 i 4500
001 35820
003 ES-MaACL
005 20230906155224.0
007 t|
008 030214s1937 fr ||||1| fre d
100 1 _aBouligand, Georges.
_930918
245 1 0 _aPrecis de mecanique rationnelle a l'usage des facultés des sciences /
_cpar Georges Bouligand ; avec un choix de problemes redigés avec la collaboration de Jean Dollon.
250 _a2ème ed. revue et augmentée.
260 _aParis :
_bVuibert,
_c1937 (
_eChartres :
_fDurand)
300 _aVIII, 342 p. :
_bil. ;
_c25 cm.
700 1 _aDollon, Jean M.
_945040
852 _aES-MaACL
_jC-3909
_bR.23634
999 _c35820
_d35820